000 01552nam a2200241 a 4500
001 000020248
005 20200929170330.0
008 091118s199u dr ab 000 0 spa d
040 _aDO-SdBNP
_bspa
_cBNPHU
082 _axxxx
_bxxxx
100 1 _aAlmánzar de Escovar, Luz
_942862
245 1 0 _aEstudios sociales :
_beducación primaria /
_cLuz Almanzar de Escovar ; dirección técnica Yolanda R de Sánchez ; ilustración Liliana P. de Lantigua.
260 _aSanto Domingo :
_bDisesa,
_c[199-]
_fCorripio
300 _av. :
_bil., maps. ;
_c27 cm.
500 _aEducación primaria
500 _aEl volumen 2 fue aprobado para ser utilizado como texto básico del 2do. curso de la educación primaria mediante oficio No. 1771 de fecha 19 de febrero de 1988, por la Secretaría de Estado de Educación, Bellas Artes y Cultos.
500 _aEl volumen 3 fue aprobado como texto básico mediante oficio No. 2598 de fecha 19 de marzo de 1988, por la Secretaría de Estado de Educación, Bellas Artes y Cultos.
500 _aLa biblioteca solamente posee los textos de 2do y 3ero
505 0 _gv. 2 :
_gunidad 1 --
_tLa vida en nuestra comunidad --
_gunidad 2 --
_tNuestras relaciones con los demás --
_gunidad 3 --
_tUn vistazo a nuestra evolución histórica --
505 0 _gv. 3 :
_gunidad 1 --
_tConozcamos nuestro paisaje geografíco --
_gunidad 2 --
_tLos períodos de nuestra historia --
_gunidad 3 --
_tLa organización de nuestra comunidad --
700 1 _aR. de Sánchez, Yolanda
_edir. tec.
_942863
700 1 _aP. de Lantigua, Liliana
_eil.
_942864
999 _c19753
_d19753